书目信息 |
| 题名: |
人人可懂的深度学习
|
|
| 作者: | 凯莱赫 著 ;赵启军 译 | |
| 分册: | ||
| 出版信息: | 北京 机械工业出版社 2021 |
|
| 页数: | 11,207页 | |
| 开本: | 21cm | |
| 丛书名: | 信息技术科普丛书 | |
| 单 册: | ||
| 中图分类: | TP181-49 , TP181 | |
| 科图分类: | ||
| 主题词: | 机器学习--普及读物 | |
| 电子资源: | ||
| ISBN: | 978-7-111-68010-9 | |
| 000 | 01316oam2 2200277 450 | |
| 001 | 2170179238 | |
| 005 | 20211116192946.48 | |
| 010 | @a978-7-111-68010-9@dCNY69.00 | |
| 100 | @a20210713d2021 em y0chiy50 ea | |
| 101 | 1 | @achi@ceng |
| 102 | @aCN@b110000 | |
| 105 | @aa z 000yy | |
| 200 | 1 | @a人人可懂的深度学习@9ren ren ke dong de shen du xue xi@dDeep learning@f(爱尔兰)约翰·D.凯莱赫(John D. Kelleher)著@g赵启军译@zeng |
| 210 | @a北京@c机械工业出版社@d2021 | |
| 215 | @a11,207页@c图@d21cm | |
| 225 | 1 | @a信息技术科普丛书 |
| 330 | @a本书将深度学习技术的发展历史、现状和未来向读者娓娓道来,以深入浅出的方式介绍了深度学习的核心思想和关键技术,非常适合尚不具备专业背景的读者学习和了解什么是深度学习技术,如何进行深度学习,深度学习适合哪些任务,深度学习还有哪些不足。本书对深度学习中的一些关键问题(如过拟合和梯度消失)、核心技术(如反向传播和梯度下降)、典型模型(如卷积神经网络和循环神经网络)的讲解简洁而不失深刻,对深度学习技术未来发展的讨论很有启发性,专业人士也能从中获益。 | |
| 461 | 0 | @12001 @a信息技术科普丛书 |
| 510 | 1 | @aDeep learning@zeng |
| 606 | 0 | @a机器学习@j普及读物 |
| 690 | @aTP181-49@v5 | |
| 690 | @aTP181@v4 | |
| 701 | 0 | @c(爱尔兰)@a凯莱赫@9kai lai he@c(Kelleher, John D.)@4著 |
| 702 | 0 | @a赵启军@9zhao qi jun@4译 |
| 801 | 0 | @aCN@b山东中教@c20211112 |
| 905 | @aZUCC@dTP181@e35 | |
| 人人可懂的深度学习=Deep learning/(爱尔兰)约翰·D.凯莱赫(John D. Kelleher)著/赵启军译.-北京:机械工业出版社,2021 |
| 11,207页:图;21cm.-(信息技术科普丛书) |
| ISBN 978-7-111-68010-9:CNY69.00 |
| 本书将深度学习技术的发展历史、现状和未来向读者娓娓道来,以深入浅出的方式介绍了深度学习的核心思想和关键技术,非常适合尚不具备专业背景的读者学习和了解什么是深度学习技术,如何进行深度学习,深度学习适合哪些任务,深度学习还有哪些不足。本书对深度学习中的一些关键问题(如过拟合和梯度消失)、核心技术(如反向传播和梯度下降)、典型模型(如卷积神经网络和循环神经网络)的讲解简洁而不失深刻,对深度学习技术未来发展的讨论很有启发性,专业人士也能从中获益。 |
| ● |
| 相关链接 |
|
|
|
正题名:人人可懂的深度学习
索取号:TP181/35
 
预约/预借
| 序号 | 登录号 | 条形码 | 馆藏地/架位号 | 状态 | 备注 |
| 1 | 2000889441 | 2000889441 | 第三书库/ [索取号:TP181/35] | 在馆 | |
| 2 | 2000889442 | 2000889442 | 第三书库/ [索取号:TP181/35] | 在馆 | |
| 3 | 2000889443 | 2000889443 | 第三书库/ [索取号:TP181/35] | 在馆 |